Представление документа в формате RUSMARC

ПолеНазваниеЗначение
  Тип записи c
  Библиографический уровень m
001 Контрольный номер UONB/NOTY/567995e0099f4761ae69dd731f3ebf7b
005 Дата корректировки 20251118160936.6
010 Индекс ISBN __
9 Тираж 25000 экз.
013 Номер (ISMN) __
d Цена 44 к.
071 Издательские номер (звукозапись и ноты) 21
a Номер, присвоенный агентством 2066
100 Данные общей обработки __
a Данные общей обработки 20220706g1976 u##y0rusy0189## ca
101 Язык документа 0_
a Язык текста rus
f Язык титульного листа rus
102 Страна публикации __
a Страна публикации RU
125 Кодированные данные звукозаписи и нотных изданий __
a Форма изложения нотного текста с
128 Кодированные данные (звукозаписи-физические характеристики) __
a Кодированные данные: Музыкальная форма и тональность или лад sg
c Инструменты или голоса, рекомендуемые для солистов (устаревшее) vu
200 Заглавие и сведения об ответственности 1_
a Заглавие Вып. 12
f Первые сведения об ответственности сост. А. Васильев
203 Вид содержания и тип средства __
a Вид содержания Музыка
b Характеристика содержания знаковая
c Тип средства непосредственная
210 Выходные данные 1_
d Дата издания 1976
215 Физическое описание __
a Объем 34 с. включ. обл.
327 Примечание о содержании 11
a Примечание о содержании Содерж. : Кузинер Э. Вот идет человек / сл. М. Рябинина. - Гарин Л. Остановись, мгновенье / сл. Н. Олева. - Ефремов В. Ходят со мною парни / сл. В. Приходько. - Дубравин Я. Жди всегда хорошего / сл. М. Ромма. - Портнов Г. От любви не спрятаться / сл. Ю. Погорельского. - Запольский Д. Время осени / сл. С. Петрова. - Квинт Л. Не суждено / сл. Т. Калининой. - Дубравин Я. и Запольский Д. Час, когда придет любовь / сл. В. Гина. - Морозов А. Моя вина / сл. Ю. Бодрова ; Не говорите мне о нем / сл. В. Гина.
461 Уровень набора _0
1 2001
a Поющие гитары
b Ноты
e песни из репертуара вок.-инструм. ансамбля
e для голоса [ансамбля] с фп. [и букв.-цифр. обозначением]
v Вып. 12
1 2101
a Л.
c Музыка
d 1971 -
1 001UONB/NOTY/81adac9626ce47afb0df047894e4433d
1 215
d 29 см
1 71002
a "Поющие гитары"
c вокально-инструментальный ансамбль
4 590
464 Аналитический уровень _0
1 700 1
a Кузинер
b Э.
1 702 1
a Рябинин
b М.
4 520
1 2001
a Вот идет человек
1 036
t Вот идет человек и о чем-то поет...
464 Аналитический уровень _0
1 700 1
a Гарин
b Л.
1 702 1
a Олев
b Н.
4 520
1 2001
a Остановись, мгновенье
1 036
t Может быть у каждого такое...
464 Аналитический уровень _0
1 700 1
a Ефремов
b В.
1 702 1
a Приходько
b В.
4 520
1 2001
a Ходят со мною парни
1 036
t Ветер, как конь крылатый...
464 Аналитический уровень _0
1 700 1
a Дубравин
b Я.
1 702 1
a Ромм
b М.
4 520
1 2001
a Жди всегда хорошего
1 036
t Мокрый снег и холод...
464 Аналитический уровень _0
1 700 1
a Портнов
b Г.
1 702 1
a Погорельский
b Ю.
4 520
1 2001
a От любви не спрятаться
1 036
t Ну, как бы мне тебе понравиться?..
464 Аналитический уровень _0
1 700 1
a Запольский
b Д.
1 702 1
a Петров
b С.
4 520
1 2001
a Время осени
1 036
t Там, у края земли...
464 Аналитический уровень _0
1 700 1
a Квинт
b Л.
1 702 1
a Калинина
b Т.
4 520
1 2001
a Не суждено
1 036
t Видно, так уж суждено, суждено...
464 Аналитический уровень _0
1 700 1
a Дубравин
b Я.
1 701 1
a Запольский
b Д.
1 702 1
a Гин
b В.
4 520
1 2001
a Час, когда придет любовь
1 036
t Я не верю, что любовь...
464 Аналитический уровень _0
1 700 1
a Морозов
b А.
1 702 1
a Бодров
b Ю.
4 520
1 2001
a Моя вина
1 036
t Что ты ветреный, - я знала...
464 Аналитический уровень _0
1 700 1
a Морозов
b А.
1 702 1
a Гин
b В.
4 520
1 2001
a Не говорите мне о нем
1 036
t Не говорите мне о нем...
512 Заглавие обложки 1_
a Заглавие обложки Поющие гитары
606 Тематические рубрики 0_
a Основная рубрика Песни советских композиторов
x Основная подрубрика Из репертуара
x Основная подрубрика Эстрадные ансамбли
x Основная подрубрика Популярные песни
610 Ключевые слова 0_
a Ключевые слова песни советских композиторов; популярные песни; из репертуара; "Поющие гитары", вокально-инструментальный ансамбль
686 Индексы других классификаций __
a Классификационный индекс 85.943.4-42-041.5я43
a Классификационный индекс 85.952.18я43
a Классификационный индекс 85.952,8
702 Вторичная интеллектуальная ответственность _1
a Фамилия Васильев
b Имя (инициалы) А. Н.
g Полное личное имя Анатолий Николаевич
4 Код отношения 220
801 Источник записи _0
a Страна RU
b Организация Ульяновская ОНБ
c Дата составления 20220706
g Правила каталогизации RCR
801 Источник записи _1
a Страна RU
b Организация Ульяновская ОНБ
c Дата составления 20220706
g Правила каталогизации RCR
901 Тип документа __
t Тип документа n
w Контрольный № источника UONB/NOTY/81adac9626ce47afb0df047894e4433d
909 Создатель записи __
a Создатель записи Грязнова И. Е.